000 00355nam a2200133Ia 4500
008 191201s2009 xx 000 0 und d
100 _aMACHIRAJU, H R
245 0 _aIntroduction To Project Finance An Analytical Perspective
250 _a3rd Rep
260 _aN. Delhi
_bVikas Publication House
_c2009
300 _a218
650 _aMBA
942 _2ddc
_cBK
999 _c4823
_d4823